| 000 | 00499nam a2200169Ia 4500 | ||
|---|---|---|---|
| 999 |
_c6258 _d6258 |
||
| 020 | _a9780761936084 | ||
| 082 | _a305.420954 ENG- | ||
| 245 | 0 | _aEngendering governance institutions: state, market and civil society | |
| 260 |
_aNew Delhi _bSage Publications _c2008 |
||
| 300 | _a369 | ||
| 504 | _aincludes index | ||
| 650 |
_aWomen in development _zIndia |
||
| 650 |
_aWomen _vEconomic conditions _zIndia |
||
| 650 |
_aWomen _vSocial conditions _zIndia |
||
| 700 | _aPanda, Smita Mishra | ||
| 942 | _cBK | ||